000 00710nam a22002417a 4500
999 _c147262
_d147262
005 20181204110913.0
010 _aENG-121342
020 _c995.00
_a9789387225053
035 _aEN-104874
037 _bDBAD/PUB
082 _a363.7
245 0 0 _aGreen technologies for environmental security /
_cedited by Bina Rani...[et. al]
260 _aAgra
_bSunjoy Publisher
_c2017
270 _aB-51, Kamla Nagar,
_bAgra (UP)
_e282005
300 _aix, 299 p. :
_c23 cm(pbk)
_bill.
500 _aIncludes reference
700 _aRani, Bani
700 _aAbid, Murtaza
700 _aSingh, Upma
700 _aKhan, M.M. Abid Ali
700 _aPandey, S.N.
942 _2ddc
_cEN
_mGRE
_h363.7